Финансовая грамотность как фактор становления успешной личности; Становление личности в современном обществе

Manylion Llyfryddiaeth
Parent link:Становление личности в современном обществе.— 2018.— [С. 41-45]
Prif Awdur: Добрычева И. В. Ирина Викторовна
Awdur Corfforaethol: Национальный исследовательский Томский политехнический университет (ТПУ) Юргинский технологический институт (ЮТИ)
Crynodeb:Заглавие с экрана
Финансовая грамотность на всех этапах развития и становления личности - необходимость современной России. В статье раскрывается примерное содержание рабочих программ для факультативов и дополнительных занятий по дисциплине "Основы финансовой грамотности" и опыт проведения семинара на тему финансовой грамотности.
Iaith:Rwseg
Cyhoeddwyd: 2018
Cyfres:Психолого-педагогические проблемы современного образования в становлении личности
Pynciau:
Mynediad Ar-lein:http://earchive.tpu.ru/handle/11683/51491
Fformat: Electronig Pennod Llyfr
KOHA link:https://koha.lib.tpu.ru/cgi-bin/koha/opac-detail.pl?biblionumber=628234

MARC

LEADER 00000naa2a2200000 4500
001 628234
005 20231102024324.0
035 |a (RuTPU)RU\TPU\conf\28369 
035 |a RU\TPU\conf\28367 
090 |a 628234 
100 |a 20181025d2018 k y0rusy50 ca 
101 0 |a rus 
102 |a RU 
105 |a y z 101zy 
135 |a drgn ---uucaa 
181 0 |a i  
182 0 |a b 
200 1 |a Финансовая грамотность как фактор становления успешной личности  |f И. В. Добрычева 
203 |a Текст  |c электронный 
225 1 |a Психолого-педагогические проблемы современного образования в становлении личности 
230 |a 1 компьютерный файл (pdf; 277 Kb) 
300 |a Заглавие с экрана 
320 |a [Библиогр.: с. 45 (2 назв.)] 
330 |a Финансовая грамотность на всех этапах развития и становления личности - необходимость современной России. В статье раскрывается примерное содержание рабочих программ для факультативов и дополнительных занятий по дисциплине "Основы финансовой грамотности" и опыт проведения семинара на тему финансовой грамотности. 
463 0 |0 (RuTPU)RU\TPU\conf\28097  |t Становление личности в современном обществе  |o сборник научных трудов Международной научно-практической конференции, 20–22 сентября 2018 г. , г. Юрга  |f Национальный исследовательский Томский политехнический университет (ТПУ), Юргинский технологический институт (ЮТИ) ; под ред. Д. А. Чинахова  |v [С. 41-45]  |d 2018 
610 1 |a электронный ресурс 
610 1 |a труды учёных ТПУ 
610 1 |a финансовая грамотность 
610 1 |a становление личности 
610 1 |a успешность 
610 1 |a экономические условия 
610 1 |a рабочие программы 
610 1 |a собственные средства 
610 1 |a дорожные карты 
700 1 |a Добрычева  |b И. В.  |c экономист  |c ассистент Юргинского технологического института Томского политехнического университета  |f 1981-  |g Ирина Викторовна  |2 stltpush  |3 (RuTPU)RU\TPU\pers\33465  |9 17145 
712 0 2 |a Национальный исследовательский Томский политехнический университет (ТПУ)  |b Юргинский технологический институт (ЮТИ)  |c (2009- )  |h 349  |2 stltpush  |3 (RuTPU)RU\TPU\col\15903 
801 2 |a RU  |b 63413507  |c 20181031  |g RCR 
856 4 |u http://earchive.tpu.ru/handle/11683/51491 
942 |c BK